Vista normal
Vista MARC
Entrada Materia (personas)
Número de registros utilizados en: 1
001 - CONTROL NUMBER
- control field: 92429
003 - CONTROL NUMBER IDENTIFIER
- control field: Co-BoUCM
005 - DATE AND TIME OF LATEST TRANSACTION
- control field: 20180511104107.0
008 - FIXED-LENGTH DATA ELEMENTS
- fixed length control field: 180511|| aca||aabn | a|a d
040 ## - CATALOGING SOURCE
- Original cataloging agency: Co-BoUCM
- Transcribing agency: Co-BoUCM
100 ## - HEADING--PERSONAL NAME
- Personal name: Simonin, Louis-Laurent
- Dates associated with a name: 1830-1886
670 ## - SOURCE DATA FOUND
- Source citation: Work cat.: (Co-BoUCM): Simonin, Louis-Laurent 1830-1886, El mundo subterráneo, [fecha desconocida]